Logo BPK

Biblioteka

Politechniki Koszalińskiej

Founding fathers : (Rekord nr 47395)

Szczegóły MARC
000 -ETYKIETA REKORDU
podpole kontrolne o stałej długości 00603nam a2200193 i 4500
001 - NUMER KONTROLNY REKORDU
pole kontrolne bgj
020 ## - MIĘDZYNARODOWY ZNORMALIZOWANY NUMER KSIĄŻKI - ISBN
ISBN 0460044214
040 ## - ŹRÓDŁO KATALOGOWANIA
Instytucja, która utworzyła rekord BPK
041 0# - KOD JĘZYKA
Kod języka tekstu eng
920 ## - Międzynarodowy znormalizowany numer książki – ISBN
ISBN 0-460-04421-4
008 - POLE O STAŁEJ DŁUGOŚCI - DANE KONTROLNE
podpole kontrolne o stałej długości s uk f |000 0 eng
100 1# - NAZWA OSOBOWA
Nazwa osobowa ADAIR, John.
245 10 - TYTUŁ/ODPOWIEDZIALNOŚĆ
Tytuł Founding fathers :
Ciąg dalszy tytułu the Puritans in England and America /
Pozostałe elementy strefy tytułu i oznaczenia odpowiedzialności John Adair.
260 ## - STREFA ADRESU WYDAWNICZEGO
Miejsce wydania London [etc.] :
Nazwa wydawcy/dystrybutora J. M. Dent & Sons Ltd.,
Data publikacji, dystrybucji/powstania dokumentu 1982.
300 ## - STREFA OPISU FIZYCZNEGO
Objętość XII, 302 pp, 4 plates of photos :
Inne cechy fizyczne photos ;
Rozmiary 25 cm.
505 ## - SFORMALIZOWANA UWAGA DOTYCZĄCA ZAWARTOŚCI
Pełny tekst uwagi Includes index and suggestions for further reading.
650 #9 - HASŁO PRZEDMIOTOWE W FORMIE NAZWY OGÓLNEJ LUB JEDNOSTKOWEJ
Nazwa ogólna lub geograficzna Puritans
Określnik ogólny History
Określnik geograficzny New England
856 ## - LOKALIZACJA I DOSTĘP DO ELEKTRONICZNYCH DOKUMENTÓW ZDALNYCH
Link (URL) http://koha.tu.koszalin.pl/cgi-bin/koha/opac-detail.pl?biblionumber=47395
Tekst linku Katalog online BPK
942 ## - DODATKOWE ELEMENTY (KOHA)
Typ dokumentu Książka
Egzemplarze
Wycofany Status egzemplarza Uszkodzony Dostępność Lokalizacja stała Lokalizacja bieżąca Miejsce przechowywania Sygnatura Kod kreskowy Dział Typ dokumentu
      Tylko na miejscu Biblioteka Politechniki Koszalińskiej Biblioteka Politechniki Koszalińskiej Czytelnia Wydziałowa ul. Kwiatkowskiego 6e KA 3559 09014008 94(73) Historia USA Książka
© 2023 Biblioteka Politechniki Koszalińskiej :: KOHA